Music Quiz

Random Music or Lyrics Quiz

Guess the Springsteen lyrics Quiz Stats

Quiz not verified by Sporcle

Challenge
Share
Tweet
Embed
Score 0/176 Timer 10:00
0 Plays Today
% Correct
a
98.6%
the
98.6%
And
98.6%
the
98.6%
The
98.6%
the
98.6%
the
98.6%
the
98.6%
the
98.6%
the
98.6%
The
98.6%
The
98.6%
the
98.6%
And
98.6%
the
98.6%
the
98.6%
the
98.6%
the
98.6%
I
97.4%
I
97.4%
I
97.4%
I
97.4%
I
97.4%
you
80.4%
you
80.4%
On
73.9%
on
73.9%
on
73.9%
on
73.9%
on
73.9%
on
73.9%
on
73.9%
on
73.9%
on
73.9%
we
73.3%
We
73.3%
We
73.3%
We
73.3%
We
73.3%
me
69.5%
do
68.2%
is
64.6%
is
64.6%
of
61.1%
of
61.1%
of
61.1%
of
61.1%
can
60.5%
My
59.3%
my
59.3%
my
59.3%
My
59.3%
my
59.3%
My
59.3%
My
59.3%
love
59.1%
your
58.5%
your
58.5%
when
52.1%
% Correct
for
51.9%
for
51.9%
for
51.9%
for
51.9%
for
51.9%
for
51.9%
where
49.9%
There's
46.2%
up
46.2%
up
46.2%
there's
46.2%
up
46.2%
up
46.2%
down
45.8%
down
45.8%
hear
44.6%
Come
39.3%
Come
39.3%
Come
39.3%
Come
39.3%
Come
39.3%
how
37.3%
with
35.4%
With
35.4%
With
35.4%
But
34.4%
dark
33.8%
like
33%
city
32.4%
city
32.4%
city
32.4%
heart
31.8%
streets
29.9%
Now
29.5%
Now
29.5%
Now
29.5%
this
29.3%
gone
27.7%
ruins
27.5%
ruins
27.5%
ruins
27.5%
these
27.3%
these
27.3%
these
27.3%
rise
26.1%
rise
26.1%
rise
26.1%
hands
25.1%
hands
25.1%
hands
25.1%
his
24.8%
blood
24%
song
23.8%
cold
23%
took
22.6%
red
22.2%
pray
21.6%
pray
21.6%
pray
21.6%
% Correct
pray
21.6%
pray
21.6%
pray
21.6%
pray
21.6%
rain
21.2%
falling
20.6%
left
20.2%
open
20%
Tell
19.8%
door's
19.6%
kiss
19.3%
Darling
18.9%
church
18.7%
Lord
18.7%
Lord
18.7%
Lord
18.7%
Lord
18.7%
Lord
18.7%
Lord
18.7%
Lord
18.7%
circle
17.9%
ground
17.9%
sweet
17.9%
sweet
17.9%
men
17.7%
knees
17.5%
strength
17.5%
strength
17.5%
again
17.3%
organ's
16.1%
brother's
15.7%
Without
15.7%
lost
15.5%
lost
15.5%
congregation's
15.3%
Young
15.3%
empty
15.3%
bells
15.1%
soul
15.1%
through
14.5%
mercy
14.3%
faith
14.3%
friend
13.8%
tears
13.6%
pillow
13.6%
leaves
13.4%
begin
13.4%
corner
13.2%
slept
13.2%
windows
12.8%
scattered
12%
evening
11.6%
boarded
11.2%
trees
11%
world
11%
Drift
9.4%
While
9.4%
thrown
8.1%

You're not logged in!

Compare scores with friends on all Sporcle quizzes.
Join for Free
OR
Log In

You Might Also Like...

Show Comments

Extras

Top Quizzes Today


Score Distribution

Your Account Isn't Verified!

In order to create a playlist on Sporcle, you need to verify the email address you used during registration. Go to your Sporcle Settings to finish the process.

Report this User

Report this user for behavior that violates our Community Guidelines.

Details: